Statystyki dla Anwil Włocławek - mistrzowskie sezony

Kliknij tutaj aby rozwiązać quiz!

Ogólne statystyki

  • Ten quiz został rozwiązany 878 razy
    (272 od ostatniego zresetowania)
  • Średni wynik to 24 z 39

Statystyki odpowiedzi

SezonOdpowiedź% Poprawnych
2017/18Almeida Ivan
91%
2017/18Łączyński Kamil
91%
2017/18Szewczyk Szymon
88%
2002/03Milicić Igor
85%
2018/19Ignerski Michał
84%
2018/19Wadowski Igor
82%
2017/18Nowakowski Michał
81%
2002/03Pluta Andrzej
81%
2017/18Sobin Josip
80%
2018/19Michalak Michał
79%
2017/18Zyskowski Jarosław
79%
2017/18Hosley Quinton
70%
2018/19Simon Chase
69%
2017/18Wojciechowski Jakub
69%
2002/03Pacesas Tomas
68%
2018/19Piątek Adam
67%
2017/18Leończyk Paweł
66%
2018/19Broussard Aaron
64%
2002/03Nordgaard Jeff
63%
2017/18Airington Jaylin
59%
2017/18Delas Ante
57%
2002/03Lang Kris
57%
2017/18Ihring Mario
55%
2018/19Czyż Aleksander
54%
2002/03Krupalija Damir
52%
2018/19Lichodiej Walerij
52%
2002/03Witka Robert
52%
2002/03Andrzejewski Tomasz
51%
2002/03Skele Armands
51%
2018/19Bednarek Oliwier
49%
2002/03Bocevski Dusan
49%
2017/18Afeltowicz Marcel
46%
2002/03Andruska Marek
44%
2017/18Komenda Rafał
44%
2002/03Szczotka Piotr
43%
2017/18Ciesielski Damian
42%
2017/18Matusiak Bartosz
42%
2002/03Raczyński Maciej
35%
2002/03Dabkus Valdas
33%

Rozkład punktacji

Percentyl według liczby udzielonych odpowiedzi

Procent ludzi z każdym wynikiem

Twoja historia wyników

Nie rozwiązałeś tego quizu od ostatniego zresetowania